Peru's economic reform program yields positive results.

Úryvky z prejavu ústredného riaditeľa IMF v Lime 13. februára 1992. Komplexná pomoc recesnému hospodárstvu Peru zo strany IMF. Demokratické zmeny v krajinách Latinskej Ameriky vyúsťujú do ozdravenia ich hospodárstva. Rozvoj vývoja hospodárstva Peru od júla 1990 do súčasnosti. Výsledky programov. Prv...

Descrizione completa

Salvato in:
Dettagli Bibliografici
Autore principale: Camdessus, M.
Natura: Capitolo di libro
Lingua:inglese
Soggetti:
Tags: Aggiungi Tag
Nessun Tag, puoi essere il primo ad aggiungerne!!

MARC

LEADER 00000naa a2200000 4500
001 r009061
005 20220913122401.3
041 0 |a eng 
044 |a US 
245 1 0 |a Peru's economic reform program yields positive results.  |c M. Camdessus 
520 |a Úryvky z prejavu ústredného riaditeľa IMF v Lime 13. februára 1992. Komplexná pomoc recesnému hospodárstvu Peru zo strany IMF. Demokratické zmeny v krajinách Latinskej Ameriky vyúsťujú do ozdravenia ich hospodárstva. Rozvoj vývoja hospodárstva Peru od júla 1990 do súčasnosti. Výsledky programov. Prvoradosť daňovej disciplíny. 
610 2 0 |a reformy hospodárske 
610 2 0 |a Peru 
610 2 0 |a rozvoj hospodársky 
610 2 0 |a pomoc hospodárska 
610 2 0 |a Medzinárodný menový fond 
610 2 0 |a politika hospodárska 
610 2 0 |a Latinská Amerika 
100 1 |a Camdessus, M.